000
00255nam a2200109Ia 4500
008
230907s9999||||xx |||||||||||||| ||und||
082
_a
909
_b
FRA
245
4
_a
The Silk Roads :
260
_a
Bloombury,
_b
New York :
_c
2018
300
_a
126 p.
942
_c
BK
999
_c
600472
_d
600472